Ako agrotechnicky ovplyvniť cukornatosť a obsah melasotvorných látok

Bibliographic Details
Main Author: Kántor, Zoltán (Author)
Format: Article
Language:Slovak
PhysicalDescription:Tab.
ISSN:1335-2466
Subjects:

MARC

LEADER 00000nab a2200000 a 4500
001 vtls008628008
003 SK-MaSNL
005 20260304140054.0
008 250505c2005 xo mr|p|||||||000 b|slo
015 |a SNBRB2006/03  |2 snkbucl 
035 |a (uuid)cdaccec3-86ed-4e9b-aa0f-426347e847bc 
035 |a urn:nbn:sk:snk-abwrf 
035 |a (urnnbn)urn:nbn:sk:snk:ar-a04fln 
038 |a SNKBUCL 
040 |a SNKBUCL  |b slo  |c SNKBUCL  |e AACR2 
041 0 |a slo 
044 |a xo  |c SK 
080 |a 633.63:631.5  |2 1997 
080 |a 631.5  |2 1997 
100 1 |a Kántor, Zoltán  |4 aut  |9 783449 
245 1 0 |a Ako agrotechnicky ovplyvniť cukornatosť a obsah melasotvorných látok  |c Zoltán Kántor 
300 |b Tab. 
650 0 7 |a cukrová repa  |2 snkbucl  |9 81965 
650 0 7 |a cukornatosť  |2 snkbucl  |9 1188853 
650 0 7 |a agrotechnika  |2 snkbucl  |9 680 
773 0 |t Naše pole  |g Roč. 9, č. 12 (2005), s. 50-51  |x 1335-2466 
850 |a Slovenská národná knižnica 
852 |a Slovenská národná knižnica 
954 |a odborná, vedecká literatúra pôvodná (slovenská)  |2 lita 
958 |a article27 
958 |a OND 
958 |a EUIPO 
999 |c 2913441  |d 2915371